| 000 | 01075nam a2200229Ia 4500 | ||
|---|---|---|---|
| 999 |
_c38106 _d38106 |
||
| 001 | 4094 | ||
| 003 | GE_BSU | ||
| 005 | 20190927120939.0 | ||
| 008 | 181216s1975||||ge |||||||||||||| ||geo|| | ||
| 040 | _cGE_BSU | ||
| 041 | _ageo | ||
| 080 | _a39(479.22) მ–36 | ||
| 245 |
_aმასალები ქსნის ხეობის ეთნოგრაფიული შესწავლისათვის : _bსტატიების კრებული / _cრედ. გ. ჯალაბაძე. |
||
| 264 |
_aთბ. : _bმეცნიერება, _c1975. |
||
| 300 |
_a450 გვ. ; _b21 სმ. |
||
| 520 | _aსტატიების შემდგ. რეზ. რუს. ენ. | ||
| 541 | _h3 ლ. | ||
| 653 | _aქართველების ეთნოგრაფია | ||
| 700 |
_aჯალაბაძე, გ. _eრედაქტორი _94330 |
||
| 710 |
_aაკად. ს. ჯანაშიას სახ. საქართველოს სახელმწ. მუზეუმი. _94128 |
||
| 942 |
_cBK _2udc |
||